Biggest Law Firms - Statistics

General Stats
  • This quiz has been taken 50 times
  • The average score is 14 of 100
Answer Stats
Place Revenue Amount of lawyers Most lawyers
from
Answer % Correct
1 $6,042,000,000 3,025 US Kirkland & Ellis
76%
8 $2,869,800,000 2,464 US White & Case
56%
13 $2,711,508,000 2,585 UK Clifford Chance
51%
3 $3,829,531,000 4,561 US; UK DLA Piper (Swiss verein)
49%
16 $2,453,846,000 2,405 UK Linklaters
49%
5 $3,300,300,000 4558 US Baker McKenzie
44%
2 $5,488,778,000 3,078 US Latham & Watkins
44%
7 $2,795,426,000 1,893 US Sidley Austin
39%
17 $2,341,256,000 2,007 UK Freshfields Bruckhaus Deringer
37%
14 $2,446,000,000 2,406 US Jones Day
37%
78 $758,741,000 571 US Slaughter and May
37%
57 $1,098,367,000 1,642 Australia Ashurst
34%
40 $1,359,000,000 819 US Milbank
32%
95 $613,324,000 1,347 UK Bird & Bird
29%
22 $2,065,838,000 4,239 EU CMS (EEIG)
29%
12 $2,597,910,000 2,821 UK Allen & Overy (A&O Shearman)
29%
15 $2,605,973,000 2,532 US Hogan Lovells
29%
29 $1,765,426,000 797 US Sullivan & Cromwell
27%
64 $1,001,000,000 492 US Cravath, Swaine & Moore
24%
33 $1,518,169,000 1,958 US Herbert Smith Freehills
24%
21 $2,100,000,000 3,084 US Norton Rose Fulbright (verein)
24%
32 $1,572,304,000 979 US Paul Hastings
24%
11 $2,674,046,000 1,372 US Ropes & Gray
24%
6 $3,022,380,000 1,644 US Skadden, Arps, Slate, Meagher & Flom
24%
23 $1,986,777,000 1,267 US Cooley
22%
43 $1,329,262,000 788 US Debevoise & Plimpton
22%
36 $1,436,171,000 1,573 US Reed Smith
22%
25 $1,856,219,000 1,180 US Weil, Gotshal & Manges
22%
28 $1,828,123,000 1,261 US King & Spalding
20%
27 $1,840,000,000 1,748 US Mayer Brown
20%
38 $1,418,818,000 1,051 US Cleary Gottlieb Steen & Hamilton
17%
71 $894,660,000 1,844 UK Clyde & Co
17%
34 $1,501,490,005 2,527 US Eversheds Sutherland
17%
10 $2,480,394,000 1,538 US Gibson, Dunn & Crutcher
17%
62 $1,012,059,000 727 US Shearman & Sterling
17%
92 $640,026,000 946 UK Simmons & Simmons
17%
9 $2,577,700,000 1,992 US Morgan, Lewis & Bockius
15%
51 $1,168,371,000 713 US Proskauer Rose
15%
53 $1,153,207,000 846 US Winston & Strawn
15%
35 $1,501,130,000 1,217 US Covington & Burling
12%
30 $1,665,221,000 1,177 US McDermott, Will & Emery
12%
26 $1,850,437,000 1,008 US Paul, Weiss, Rifkind, Wharton & Garrison
12%
20 $2,224,191,000 1,163 US Simpson Thacher & Bartlett
12%
48 $1,220,204,000 863 US Akin Gump Strauss Hauer & Feld
10%
41 $1,341,486,000 928 US Dechert
10%
18 $1,973,368,000 1,315 US Goodwin Procter
10%
19 $2,003,790,000 2,209 US Greenberg Traurig
10%
39 $1,402,502,000 1,393 US Holland & Knight
10%
50 $1,179,282,000 1,698 US K&L Gates
10%
47 $1,234,500,000 996 US Morrison & Foerster
10%
44 $1,316,335,000 960 US Orrick, Herrington & Sutcliffe
10%
52 $1,155,565,000 1,124 US Perkins Coie
10%
69 $912,337,000 692 US Vinson & Elkins
10%
56 $1,111,730,000 288 US Wachtell, Lipton, Rosen & Katz
10%
49 $1,220,000,000 871 US Willkie Farr & Gallagher
10%
55 $1,114,516,000 1,120 South Korea Kim & Chang
7%
82 $723,228,000 673 US Baker Botts
5%
89 $669,240,000 624 Canada Blake, Cassels & Graydon
5%
96 $608,953,000 413 US Cadwalader, Wickersham & Taft
5%
24 $1,970,000,000 1,025 US Davis Polk & Wardwell
5%
60 $1,024,834,000 1,021 US Foley & Lardner
5%
70 $911,450,000 670 US O’Melveny & Myers
5%
77 $781,406,000 651 US Pillsbury Winthrop Shaw Pittman
5%
31 $1,655,306,000 900 US Quinn Emanuel Urquhart & Sullivan
5%
54 $1,137,000,000 1,438 US Squire Patton Boggs (verein)
5%
68 $919,886,000 3,715 China AllBright Law Offices
2%
4 $3,696,421,000 4000 UK; US Allen Overy Shearman Sterling (LLP)
2%
58 $1,033,000,000 902 US Arnold & Porter Kaye Scholer
2%
73 $836,048,000 932 US Baker & Hostetler
2%
65 $987,708,000 1,093 US Faegre Drinker
2%
91 $650,000,000 882 US Fox Rothschild
2%
67 $951,300,000 581 US Fried, Frank, Harris, Shriver & Jacobson
2%
86 $700,588,000 1,255 Canada Gowling WLG
2%
74 $830,041,000 803 US Hunton Andrews Kurth
2%
85 $713,854,000 631 US Katten Muchin Rosenman
2%
80 $731,006,000 1,723 UK Pinsent Masons
2%
87 $697,318,000 868 US Polsinelli
2%
63 $1,005,057,000 839 US Sheppard, Mullin, Richter & Hampton
2%
59 $1,029,503,000 1,121 US Troutman Pepper
2%
45 $1,297,089,000 863 US Wilmer Cutler Pickering Hale and Dorr
2%
61 $1,023,935,000 829 US Alston & Bird
0%
97 $608,755,000 798 US Barnes & Thornburg
0%
72 $878,433,000 1,252 US Bryan Cave Leighton Paisner
0%
100 $584,802,000 701 US Cozen O'Connor
0%
93 $620,078,000 4,015 China Deheng Law Offices
0%
81 $723,259,000 427 US Fenwick & West
0%
75 $805,682,000 680 US Fragomen, Del Rey, Bernsen & Loewy
0%
94 $620,078,000 4,134 China Grandall Law Firm
0%
37 $1,430,000,000 2,599 China King & Wood Mallesons (verein)
0%
83 $722,500,000 1,613 US Lewis Brisbois Bisgaard & Smith
0%
90 $658,578,000 986 US Littler Mendelson
0%
66 $953,548,000 921 US McGuireWoods
0%
98 $588,500,000 488 US Mintz, Levin, Cohn, Ferris, Glovsky and Popeo
0%
88 $680,826,000 778 US Nelson Mullins Riley & Scarborough
0%
99 $585,198,000 873 US Ogletree, Deakins, Nash, Smoak & Stewart
0%
76 $786,596,000 893 US Seyfarth Shaw
0%
84 $717,018,000 743 US Venable
0%
42 $1,336,000,000 963 US Wilson, Sonsini, Goodrich & Rosati
0%
46 $1,258,914,000 13,299 China Yingke
0%
79 $731,692,000 2,310 China Zhong Lun
0%
No matching quizzes found
Score Distribution
Percent of People with Each Score
Percentile by Number Answered
Your Score History
You have not taken this quiz